Szczegóły MARC21

Konkurencyjność międzynarodowa a rozwój społeczno-gospodarczy : przypadek Polski na tle krajów Unii Europejskiej /

003 -Nazwa inst., której nr kontr. jest w polu 001 [,]
    • @
    • Nazwa instytucji, której n kontrolny jest w polu 001
    • NUKAT
005 -DATA I CZAS OSTATNIEJ MODYFIKACJI [,]
    • @
    • pole kontrolne
    • 20241231110654.0
020 -Międzynarod. znormalizowany nr książki - ISBN [ , ]
    • a
    • Numer ISBN
    • 9788378751861 Find
040 -Instytucja sporządzająca opis [ , ]
    • a
    • Instytucja, która sporządziła opis (NP)
    • KAT 001/KC
    • c
    • Instytucja, która sporządziła rekord (NP)
    • KAT 001/KCs
    • d
    • Instytucja, która zmodyfikowała rekord (P)
    • KAT 001/ZP
942 -Rodzaj dokumentu [ , ]
    • c
    • Rodzaj dokumentu
    • Książka
100 -Hasło główne - nazwa osobowa [1, ]
    • a
    • Nazwa osobowa (NP)
    • Tusińska, Magdalena.
    • 9
    • KHW
    • 66617
245 -Strefa tytułu i oznaczenia odpowiedzialności [1,0]
    • a
    • Tytuł
    • Konkurencyjność międzynarodowa a rozwój społeczno-gospodarczy : Find
    • b
    • Ciąg dalszy tytułu (NP)
    • przypadek Polski na tle krajów Unii Europejskiej / Find
    • c
    • Pozostałe elementy strefy tytułu i oznaczenia odpowiedzialności (NP)
    • Magdalena Tusińska.
260 -Strefa adresu wydawniczego [ , ]
    • a
    • Miejsce wydania (P)
    • Katowice :
    • b
    • Nazwa wydawcy (P)
    • Wydawnictwo Uniwersytetu Ekonomicznego,
    • c
    • Data wydania (P)
    • 2014.
300 -Strefa opisu fizycznego [ , ]
    • a
    • Określenie formy książki i/lub objętość (NP)
    • 208 s. :
    • b
    • Oznaczenie ilustracji (NP)
    • il. ;
    • c
    • Format (NP)
    • 24 cm.
336 -Typ zawartości [ , ]
    • a
    • Termin opisujący typ zawartości
    • Tekst
    • b
    • Kod określający zawartość
    • txt
    • 2
    • Źródło (terminu i kodu)
    • rdacontent
337 -Typ mediów [ , ]
    • a
    • Tryb odtwarzania
    • Bez urządzenia pośredniczącego
    • b
    • Kod typu mediów
    • n
    • 2
    • Źródło (terminu i kodu)
    • rdamedia
338 -Typ/rodzaj nośnika [ , ]
    • a
    • Hasło opisujące typ nośnika
    • Wolumin
    • b
    • Kod typu nośnika
    • nc
    • 2
    • Źródło (terminu i kodu)
    • rdacarrier
490 -Strefa serii i książki wielotomowej - forma nie do wyszukiwania [1, ]
    • a
    • Tytuł (P)
    • Praca Naukowa Find
830 -Hasło dodatkowe serii i opisu książki wielotomowej - tytuł ujednolicony/tytuł [ ,0]
    • a
    • Tytuł ujednolicony/tytuł (NP)
    • Prace Naukowe - Uniwersytet Ekonomiczny w Katowicach
    • 9
    • KHW
    • 24431
504 -Uwaga dot. bibliogr. załącznikowej [ , ]
    • a
    • Uwaga dot. bibliografii załącznikowej
    • Bibliogr. s. 165-184.
080 -Uniwersalna Klasyfikacja Dziesiętna [ , ]
    • 2
    • Identyfikator wydania tablic
    • UDC-P058
    • 9
    • UKD
    • 9284
    • a
    • Symbol klasyfikacji
    • 338.22(438)
    • b
    • Dopowiedzenie
    • Polityka gospodarcza Polski.
080 -Uniwersalna Klasyfikacja Dziesiętna [ , ]
    • 2
    • Identyfikator wydania tablic
    • UDC-P058
    • 9
    • UKD
    • 18431
    • a
    • Symbol klasyfikacji
    • 338.22(4-67)
    • b
    • Dopowiedzenie
    • Polityka gospodarcza krajów Unii Europejskiej.
080 -Uniwersalna Klasyfikacja Dziesiętna [ , ]
    • 2
    • Identyfikator wydania tablic
    • UDC-P058
    • 9
    • UKD
    • 3295
    • a
    • Symbol klasyfikacji
    • 339.137
    • b
    • Dopowiedzenie
    • Konkurencja. Dumping. Konkurencja za pomocą cen i jakości. Antydumping. Import po cenach zaniżonych.
    • 4
    • UKD2
    • 7642
    • x
    • Poddział wspólny
    • (438)
    • c
    • Dopowiedzenie poddz. wspólnego
    • (Polska).
    • 4
    • UKD2
    • 7975
    • x
    • Poddział wspólny
    • (4-67)
    • c
    • Dopowiedzenie poddz. wspólnego
    • (Kraje Unii Europejskiej).
080 -Uniwersalna Klasyfikacja Dziesiętna [ , ]
    • 2
    • Identyfikator wydania tablic
    • UDC-P058
    • 9
    • UKD
    • 2960
    • a
    • Symbol klasyfikacji
    • 330.34
    • b
    • Dopowiedzenie
    • Rozwój gospodarczy.
080 -Uniwersalna Klasyfikacja Dziesiętna [ , ]
    • 2
    • Identyfikator wydania tablic
    • UDC-P058
    • 9
    • UKD
    • 2813
    • a
    • Symbol klasyfikacji
    • 316.42
    • b
    • Dopowiedzenie
    • Zmiana społeczna w społeczeństwach globalnych. Rozwój społeczny. Socjologia rozwoju.
080 -Uniwersalna Klasyfikacja Dziesiętna [ , ]
    • 2
    • Identyfikator wydania tablic
    • UDC-P058
    • 9
    • UKD
    • 2814
    • a
    • Symbol klasyfikacji
    • 316.422
    • b
    • Dopowiedzenie
    • Reforma. Transformacja. Innowacje. Modernizacja. Postęp. Postęp naukowo-techniczny.
650 -Hasło przedmiotowe [ ,7]
    • a
    • Hasło przedmiotowe
    • Konkurencyjność (ekonomia).
    • 2
    • Źródło terminu
    • kaba
    • 9
    • KHW
    • 145043
650 -Hasło przedmiotowe [ ,7]
    • a
    • Hasło przedmiotowe
    • Rozwój gospodarczy.
    • 2
    • Źródło terminu
    • kaba
    • 9
    • KHW
    • 128387
650 -Hasło przedmiotowe [ ,7]
    • a
    • Hasło przedmiotowe
    • Konkurencyjność (ekonomia)
    • z
    • Określnik geograficzny
    • Polska
    • y
    • Określnik chronologiczny
    • 1990-.
    • 2
    • Źródło terminu
    • kaba
    • 9
    • KHW
    • 350298
650 -Hasło przedmiotowe [ ,7]
    • a
    • Hasło przedmiotowe
    • Konkurencyjność (ekonomia)
    • z
    • Określnik geograficzny
    • Kraje Unii Europejskiej
    • y
    • Określnik chronologiczny
    • 1990-.
    • 2
    • Źródło terminu
    • kaba
    • 9
    • KHW
    • 350299
651 -Hasło przedmiotowe w formie nazwy geograficznej [ ,7]
    • a
    • Nazwa geograficzna
    • Kraje Unii Europejskiej
    • x
    • Określnik rzeczowy
    • sytuacja gospodarcza
    • y
    • Określnik chronologiczny
    • 1990-.
    • 2
    • Źródło terminu
    • kaba
    • 9
    • KHW
    • 350355
651 -Hasło przedmiotowe w formie nazwy geograficznej [ ,7]
    • a
    • Nazwa geograficzna
    • Polska
    • x
    • Określnik rzeczowy
    • polityka gospodarcza
    • y
    • Określnik chronologiczny
    • 1989-.
    • 2
    • Źródło terminu
    • kaba
    • 9
    • KHW
    • 124802
980 -Symbol UKD [ , ]
    • a
    • UKD
    • 338.22:339.137](438:4-67):330.34:316.42/.422
710 -Hasło dodatkowe - nazwa ciała zbiorowego [2, ]
    • a
    • Nazwa ciała zbiorowego lub nazwa geograficzna jako pierwszy element (NP)
    • Uniwersytet Ekonomiczny (Katowice).
    • b
    • Nazwa jednostki podrzędnej (P)
    • Wydawnictwo.
    • 4
    • Kod relacji
    • pbl
    • 9
    • KHW
    • 52856
920 -ISBN [ , ]
    • a
    • ISBN
    • 978-83-7875-186-1 Find
Lokalizacja Data inwentaryzacji Numer inwentarzowy Status udost.
BE2014-09-22E.75408-2